00369nam a2200109Ia 4500008004100000100001700041245008600058245003100144260000900175650001300184856006200197170221s9999 xx 000 0 und d aAbid, Fathi. aAN EXAMINATION OF THE NASDAQ 100 FUTURES CONTRACT USING ULTRA HIGH FREQUENCY DATA cFathi Abid, Lotfi Trabelsi c2015 xBusiness uhttp://escijournals.net/index.php/JBF/article/view/66/134